000 00222nam a22000977a 4500
999 _c16032
_d16032
003 OSt
008 191028b ||||| |||| 00| 0 eng d
100 _aJanardhnan,kannan.
_94492
245 _aSree moolam ramayanam
942 _cBK